Countries Visited by Joe Biden - Statistics

General Stats
  • This quiz has been taken 72 times
  • The average score is 22 of 29
Answers on the Map
Answers color-coded by a green-red scale on the quiz's map according to % correct below.
 
Answer Stats
Year(s) Times visited Answer % Correct
2023 1 Canada
100%
2024 1 France
100%
2023 1 Mexico
100%
2024 1 Brazil
98%
2022,2024 2 Germany
98%
2021,2022,2023 5 United Kingdom
98%
2021, 2024 2 Italy
94%
2022,2023 2 Japan
94%
2022 1 Spain
94%
2023 1 Ukraine
92%
2023 1 India
90%
2022,2023 2 Poland
90%
2021, 2022 2 Belgium
89%
2022 1 Saudi Arabia
89%
2023 1 Ireland
87%
2022 1 South Korea
85%
2022 1 Egypt
81%
2022,2023 2 Israel
79%
2021 1 Switzerland
79%
2022 1 Palestine
76%
2023 1 Finland
74%
2022 1 Indonesia
71%
2023 1 Vietnam
69%
2024 1 Peru
65%
2021 1 Vatican City
55%
2023 1 Lithuania
42%
2022 1 Cambodia
40%
2024 1 Angola
10%
2024 1 Cape Verde
8%
No matching quizzes found
Score Distribution
Percent of People with Each Score
Percentile by Number Answered
Your Score History
You have not taken this quiz